00364 2200145 4500001002100000005001500021035002000036245005200056100002300108300001200131260004100143082000800184084001400192990001200206INLIS00000000000161420250424113628 a0010-04250000301 aCara Berfikir Dengan Baik /cBambang Marhiyanto0 aBambang Marhiyanto a126 hlm aGresik :bCV. Bintang Pelajar,c1987 a100 a100 BAM c a0754718